Principles of cosmology and gravitation
Guardat en:
| Autor principal: | |
|---|---|
| Format: | Llibre |
| Idioma: | anglès |
| Publicat: |
Bristol
Adam Hilger
1944
|
| Matèries: | |
| Etiquetes: |
Afegir etiqueta
Sense etiquetes, Sigues el primer a etiquetar aquest registre!
|
MARC
| LEADER | 00000nam a2200000 a 4500 | ||
|---|---|---|---|
| 001 | UCY3883 | ||
| 003 | CL-VaPUC | ||
| 008 | 950119e19440000UK |||||||||||||||||eng|d | ||
| 082 | 0 | 4 | |a 523.1 |b BER |2 21 |
| 100 | 0 | |a Berry, Michael |e author |9 332311 | |
| 245 | 1 | 0 | |a Principles of cosmology and gravitation |
| 300 | |a 179 p | ||
| 942 | |c BK | ||
| 945 | |d 19950119 00:00:00 |a oaravena | ||
| 260 | |a Bristol |b Adam Hilger |c 1944 | ||
| 650 | 0 | |a Cosmología |9 269138 | |
| 650 | 0 | |a Gravitación |9 332312 | |
| 583 | |a last modification |c 19950119 00:00:00 |k Rodrigo Vera | ||
| 999 | |c 231921 |d 231919 | ||
| 952 | |0 0 |1 0 |4 0 |6 523_100000000000000_BER_1944 |7 0 |8 A |9 235755 |a BIBCUR |b BIBCUR |d 2019-11-15 |i 3057828 |o 523.1 BER 1944 |p 3057828 |r 2025-04-22 |w 2019-11-15 |y BK |k BCB | ||